UM Logo

Double-vector-based finite control set model predictive control for five-phase pmsms with high tracking accuracy and dc-link voltage utilization / (Record no. 21520)

MARC details
000 -LEADER
fixed length control field 01129nam a22002537a 4500
003 - CONTROL NUMBER IDENTIFIER
control field OSt
005 - DATE AND TIME OF LATEST TRANSACTION
control field 20250408094748.0
008 - FIXED-LENGTH DATA ELEMENTS--GENERAL INFORMATION
fixed length control field 240911b ||||| |||| 00| 0 eng d
040 ## - CATALOGING SOURCE
Transcribing agency 0
082 ## - DEWEY DECIMAL CLASSIFICATION NUMBER
Classification number DPer 621.317 Ie21 December 2022 v.37 n. 12 part 1&2.
100 ## - MAIN ENTRY--PERSONAL NAME
Personal name Saeed, Mahmoud S.E.
Relator term author.
9 (RLIN) 60763
245 ## - TITLE STATEMENT
Title Double-vector-based finite control set model predictive control for five-phase pmsms with high tracking accuracy and dc-link voltage utilization /
Statement of responsibility, etc. Mahmoud S.E. Saeed, Wensheng Song, Li Huang, and Bin Yu.
260 ## - PUBLICATION, DISTRIBUTION, ETC. (IMPRINT)
Place of publication, distribution, etc. New York ;
Name of publisher, distributor, etc. The Institute of Electrical and Electronics Engineers, Inc.,
Date of publication, distribution, etc. December 2022.
300 ## - PHYSICAL DESCRIPTION
Extent volume 37, pages 15234-15244,
Other physical details ilustration.
500 ## - GENERAL NOTE
General note IEEE Transactions on Power Electronics, v. 37 n. 12, pages 15234-15244, December 2022.
650 #0 - SUBJECT ADDED ENTRY--TOPICAL TERM
Topical term or geographic name as entry element five-phase systems.
9 (RLIN) 66230
650 #0 - SUBJECT ADDED ENTRY--TOPICAL TERM
Topical term or geographic name as entry element online calculation.
9 (RLIN) 66231
650 #0 - SUBJECT ADDED ENTRY--TOPICAL TERM
Topical term or geographic name as entry element virtual voltage vectors.
9 (RLIN) 66232
700 ## - ADDED ENTRY--PERSONAL NAME
Personal name Saeed, Mahmoud S.E.
Relator term author.
9 (RLIN) 60763
700 ## - ADDED ENTRY--PERSONAL NAME
Personal name Song, Wensheng.
Relator term author.
9 (RLIN) 60764
700 ## - ADDED ENTRY--PERSONAL NAME
Personal name Huang, Li.
Relator term author.
9 (RLIN) 60765
700 ## - ADDED ENTRY--PERSONAL NAME
Personal name Yu, Bin.
Relator term author.
9 (RLIN) 60766
942 ## - ADDED ENTRY ELEMENTS (KOHA)
Source of classification or shelving scheme Dewey Decimal Classification
Koha item type Periodicals
Holdings
Withdrawn status Lost status Source of classification or shelving scheme Damaged status Not for loan Collection code Home library Current library Date acquired Total Checkouts Full call number Date last seen Price effective from Koha item type Public note
    Dewey Decimal Classification     Periodicals UM Digos College - LIC UM Digos College - LIC 09/11/2024   DPer 621.317 Ie21 December 2022 v.37 n. 12 part 1&2. 09/11/2024 09/11/2024 Periodicals Periodical Article